000 00833nam a22002177a 4500
005 20210214113501.0
020 _a978-2-03-595682-8
037 _aBC_721 05
_fbroch
040 _aBC-ENSA
_bfre
041 _afre
_bfre
080 _a712.41
100 _aBROSSE, Jacques
_918471
245 _aLarousse des arbres
_bdictionnaire de 1600 arbres et arbustes , botanique, mythologie, histoire, pour tout savoir sur les espèces qui peuplent nos contrées
260 _aParis
_b Larousse
_c2018
300 _a591 p.
_bill. en coul., couv. ill. en coul.
_c24 cm
541 _cACHN
562 _e01 exemplaire(s)
653 _a ARBRE/ARBUSTE/NOMENCLATURE BOTANIQUE/HISTOIRE/ESPECE/TAXONOMIE/VARIETE/HYBRIDE/DICTIONNAIRE
700 _aPELT, Jean-Marie
_epref
_96170
942 _c09
999 _c32897
_d60895